000 00271nam a2200121Ia 4500
008 190216s9999||||xx |||||||||||||| ||und||
100 _aHenrik Ibsen
245 2 _aA Doll`S House
260 _bMacmillan India Ltd
_c1990
300 _a92p
650 _aNovel
942 _cBK
999 _c13791
_d13791